Al in education (Record no. 520129)

000 -LEADER
fixed length control field 01168nam a22001457a 4500
008 - FIXED-LENGTH DATA ELEMENTS--GENERAL INFORMATION
fixed length control field 220702b ||||| |||| 00| 0 eng d
100 ## - MAIN ENTRY--PERSONAL NAME
Personal name Dang, G.P. and Sharma, Priyanka
245 ## - TITLE STATEMENT
Title Al in education
260 ## - PUBLICATION, DISTRIBUTION, ETC. (IMPRINT)
Place of publication, distribution, etc Yojana
300 ## - PHYSICAL DESCRIPTION
Extent 66(6), Jun, 2022: p.27-29
520 ## - SUMMARY, ETC.
Summary, etc The modern world is full of technology and new inventions, in which artificial intelligence ( al) is playing a major role in every sphere of life. Education sector is also not untouched with the application of Al whether it is primary secondary or higher education including professional education. With the day-to day growing influence of al in education in India, the sector must adopt is plans to account fort and how it can assist today’s young minds to become tomorrow’s capable leaders and innovators. The use of al application in education field can assist our teachers in increasing their efficiency by sparing them to perform high-level intellectual tasks in teaching and delivering lectures to students, and making them free from performing monstrous and mundane tasks. – Reproduced

773 ## - HOST ITEM ENTRY
Main entry heading Yojana
906 ## - LOCAL DATA ELEMENT F, LDF (RLIN)
Subject DIP ARTIFICIAL INTELLIGENCE
942 ## - ADDED ENTRY ELEMENTS (KOHA)
Item type Articles
Holdings
Withdrawn status Lost status Source of classification or shelving scheme Damaged status Not for loan Permanent location Current location Date acquired Serial Enumeration / chronology Barcode Date last seen Koha item type
          Indian Institute of Public Administration Indian Institute of Public Administration 2022-07-02 66(6), Jun, 2022: p.27-29 AR126793 2022-07-02 Articles

Powered by Koha